000 00376nam a22001577a 4500
005 20200527091837.0
008 200527b xxu||||| |||| 00| 0 eng d
041 _aeng
082 _a340
100 _aBARE ACT
_95744
245 _aTHE DENTISTS ACT, 1948 ( 16- 1948)
260 _aDELHI
_bPROFESSIONALS BOOK PUBLISHERS
300 _a81;p
650 _aLAW
_95701
942 _cBK
999 _c6510
_d6508